00422nam a2200121Ia 4500001000800000005001700008008004100025020001800066245008500084260002200169999002100191952008800212126674520260417145120.0260417s9999 xx 000 0 und d a9786258317633 0aHz. Peygamber ve Görevliler - Tüm İnsanların Peygamberi 4cAdnan Demircan bBeyan Yayınları c1266745d1266745 00104070a1110b1110d2026-04-17l0p1110377r2026-04-17 14:51:20w2026-04-17yBK